Najnovší trend v oblasti informačných systémov - Business Intelligence

Definícia pojmu Business Intelligence /BI/. Štyri základné komponenty BI: architektúra BI, modelovanie, controlling a plánovanie, publikovanie a komunikácia. Nový prístup k riešeniu BI - Collaborative Analytical Processing /CAP/. BI treba chápať nie ako IT technológiu, ale ako účinný nástroj konkure...

Ausführliche Beschreibung

Gespeichert in:
Bibliographische Detailangaben
1. Verfasser: Čarnický, Štefan
Format: Buchkapitel
Sprache:Slowakisch
Schlagworte:
Tags: Tag hinzufügen
Keine Tags, Fügen Sie das erste Tag hinzu!

MARC

LEADER 00000naa$a2200000$$$4500
001 0023177
005 20240502071416.8
041 0 |a slo 
044 |a SK 
245 1 0 |a Najnovší trend v oblasti informačných systémov - Business Intelligence  |c Štefan Čarnický 
520 |a Definícia pojmu Business Intelligence /BI/. Štyri základné komponenty BI: architektúra BI, modelovanie, controlling a plánovanie, publikovanie a komunikácia. Nový prístup k riešeniu BI - Collaborative Analytical Processing /CAP/. BI treba chápať nie ako IT technológiu, ale ako účinný nástroj konkurencieschopnosti podnikov a firiem. 
610 2 0 |a riadenie podnikové 
610 2 0 |a nástroje riadenia 
610 2 0 |a konkurencieschopnosť 
610 2 0 |a definície 
100 1 |a Čarnický, Štefan